00509nam a2200145Ia 450000500170000000800460001703700120006304000200007504100130009508400090010824501290011726000880024630000150033436500140034920250923145137.0008 250917s9999 xx 000 0 eng d aTextual aDSWLbengcDSWL aeng2eng qDSWL 0aReport of National Seminar on camping (28-30 Nov,1968)cby Central Institute of Research & Training in Public Co-operation aNew Delhi b Central Institute of Research & Training in Public Co-operationc1968 aix,277p.  aINRb2.00